Capitals by Country - Africa - Statistics

General Stats
  • This quiz has been taken 36 times
  • The average score is 40 of 57
Answer Stats
Countries Capitals % Correct
Algeria Algiers
95%
Egypt Cairo
86%
Angola Luanda
82%
Morocco Rabat
82%
South Africa Cape Town
77%
Djibouti Djibouti
77%
D.R. Congo Kinshasa
77%
Tunisia Tunis
77%
Ghana Accra
73%
Ethiopia Addis Ababa
73%
Madagascar Antananarivo
73%
Eritrea Asmara
73%
Central AfricanRepublic Bangui
73%
Guinea-Bissau Bissau
73%
Rep. of the Congo Brazzaville
73%
Senegal Dakar
73%
Sierra Leone Freetown
73%
Botswana Gaborone
73%
Burundi Gitega
73%
Somalia Mogadishu
73%
Kenya Nairobi
73%
Chad N'Djamena
73%
Burkina Faso Ouagadougou
73%
Mauritius Port Louis
73%
Benin Porto-Novo
73%
Cape Verde Praia
73%
Libya Tripoli
73%
Namibia Windhoek
73%
Cameroon Yaoundé
73%
Nigeria Abuja
68%
Tanzania Dodoma
68%
Zimbabwe Harare
68%
South Sudan Juba
68%
Uganda Kampala
68%
Sudan Khartoum
68%
Rwanda Kigali
68%
Gabon Libreville
68%
Togo Lomé
68%
Mozambique Maputo
68%
Liberia Monrovia
68%
Mauritania Nouakchott
68%
South Africa Pretoria
68%
São Tomé &Principe São Tomé
68%
Ivory Coast Yamoussoukro
68%
South Africa Bloemfontein
64%
Benin Cotonou
64%
Zambia Lusaka
64%
Comoros Moroni
64%
Niger Niamey
64%
Seychelles Victoria
64%
Mali Bamako
59%
Guinea Conakry
59%
Malawi Lilongwe
59%
Equatorial Guinea Malabo
59%
Lesotho Maseru
59%
Gambia Banjul
55%
Eswatini Mbabane
55%
No matching quizzes found
Score Distribution
Percent of People with Each Score
Percentile by Number Answered
Your Score History
You have not taken this quiz